000 00359nam a2200133 a 4500
005 20141022142009.0
008 120229s19uu xx 00 eng d
050 _aCD-ROM
_bP54 2007
100 _aPhillips, Nicky
245 _aTeaching play to children with autism /
_cNicky Phillips, Liz Beavan.
260 _c2007.
700 _aBeavan, Liz
942 _cAVM
999 _c276666
_d276666